00413nam a2200157Ia 45000010006000000050017000060080041000230410008000640820016000721000030000882450084001182600009002023000028002116500008002396540008002471784620260306171547.0260306s9999||||xx |||||||||||||| ||und|| aESP a658.3bA43M aAlles, Martha AliciaeAUT 0aLa marca recursos humanos:bcómo lograr prestigio dentro de la organización c2014 a300 páginas :c23 cm. aGEN aCAN